| 000 | 00963cam a22003251 4500 | ||
|---|---|---|---|
| 999 |
_c528097 _d528097 |
||
| 001 | 8833628 | ||
| 003 | NUST | ||
| 005 | 20190828080832.0 | ||
| 008 | 800519s1950 enka b 000 0 eng | ||
| 010 | _a 50036516 | ||
| 015 | _aGB50-745 | ||
| 035 | _a(OCoLC)6333034 | ||
| 038 | _aM.Ramzan | ||
| 040 |
_aDLC _cTxCM _dUk _dDLC |
||
| 042 | _apremarc | ||
| 050 | 0 | 0 |
_aVK345 _b.B6 |
| 082 |
_a656 _bBOW |
||
| 100 | 1 |
_aBown, A. H. J. _919657 |
|
| 245 | 1 | 0 |
_aPort operation and administration, _cby A. H. J. Bown and C. A. Dove. |
| 260 |
_aLondon, _bPublished by Chapman & Hall for the Dock and Harbour Authority, _c1950. |
||
| 300 |
_a295 p. _billus. _c22 cm. |
||
| 504 | _aBibliography: p. 286. | ||
| 650 | 0 |
_aHarbors. _919658 |
|
| 650 | 0 |
_aWharves. _919659 |
|
| 650 | 0 |
_aShips _xCargo. _919660 |
|
| 650 | 0 |
_aOcean travel. _919661 |
|
| 700 | 1 |
_aDove, C. A., _ejoint author. _919662 |
|
| 906 |
_a7 _bcbc _coclcrpl _du _encip _f19 _gy-gencatlg |
||
| 942 |
_2ddc _cBK |
||